| 000 | 00585nam a2200157Ia 4500 | ||
|---|---|---|---|
| 008 | 151213s9999 xx 000 0 und d | ||
| 020 | _a984-32-1579-6 | ||
| 100 | _aআবু তাহের মজুমদার। | ||
| 245 |
_aআমি আধাঁরেই থাকতে চাই। _cআবু তাহের মজুমদার। |
||
| 260 |
_aঢাকা _bঅঙ্কুর প্রকাশনী। _c2005 |
||
| 300 | _a8484 p. | ||
| 650 | _aBangla | ||
| 650 | _aBengali Literature | ||
| 700 | _aআবু তাহের মজুমদার। | ||
| 999 |
_c4321 _d4321 |
||